00589nam a2200181 i 4500001000300000100002400003245006100027260005700088300002800145504002300173650002500196020001500221040000800236041000800244080001600252008004100268856009800309bg1 aDOLIŃSKI, Dariusz10aPsychologiczne mechanizmy reklamy /cDariusz Doliński. aGdańsk :bGdańskie Wydaw. Psychologiczne,c2003. a256 s. :bil. ;c24 cm. aBibliogr. Indeksy. 9aReklamaxpsychologia a8389120666 cBPK0 apol a659.1:159.9 s pl f |000 0 pol  uhttp://koha.tu.koszalin.pl/cgi-bin/koha/opac-detail.pl?biblionumber=43771yKatalog online BPK